Almost free modules : set-theoretic methods
Saved in:
| Main Author: | |
|---|---|
| Other Authors: | |
| Format: | Book |
| Language: | English |
| Published: |
Amsterdam : New York : New York, N.Y., U.S.A. :
North-Holland, Distributors for the U.S. and Canada, Elsevier Science Pub. Co.,
1990
|
| Series: | North-Holland mathematical library ;
; 46 |
| Subjects: | |
| Tags: |
Add Tag
No Tags, Be the first to tag this record!
|
MARC
| LEADER | 00000cam a2200000 i 4500 | ||
|---|---|---|---|
| 001 | 1/33997 | ||
| 008 | 941103s1990 eng d | ||
| 020 | |a 0444885021 | ||
| 035 | |l 10039521 | ||
| 040 | |a GR-MY-UA |b gre |e aacr | ||
| 041 | 0 | |a eng | |
| 082 | 0 | |a 512.4 |2 (20) | |
| 100 | 1 | |a Eklof, Paul C. | |
| 245 | 1 | 0 | |a Almost free modules : |b set-theoretic methods / |c Paul C. Eklof, Alan H. Mekler |
| 260 | |a Amsterdam : |a New York : |a New York, N.Y., U.S.A. : |b North-Holland, |b Distributors for the U.S. and Canada, Elsevier Science Pub. Co., |c 1990 | ||
| 300 | |a xvi, 481 p.; |c 23 cm | ||
| 490 | 1 | |a North-Holland mathematical library |v ; 46 | |
| 500 | |a Includes index | ||
| 504 | |a Includes bibliographical references (p. [456]-476) | ||
| 650 | 0 | 0 | |a Modules (Algebra) |
| 650 | 0 | 0 | |a Set theory. |
| 650 | 0 | 0 | |a Abelian groups. |
| 700 | 1 | |a Mekler, Alan H. | |
| 830 | 0 | |a North-Holland mathematical library ; |v ; 46 | |
| 852 | |a INST |b SAMOS |e 19941103 |h 512.4 EKL |p 005300007901 |q 005300007901 |t BK |y 0 | ||
| 909 | |a Σ |b 030198 | ||